Devine le rappeur 5 - Statistiques

Statistiques générales
  • Ce quiz a été pris 64 fois
  • Le résultat moyen est 6 sur 15
Statistiques - réponses
Hint Réponse % Correct
Bolide allemand SDM
91%
Urus Favé
78%
Vent de l’est Laylow
71%
BabyGirl Josman
66%
Asalto Jul
62%
Solides Sch
52%
L’affamé La fève
33%
Oula Aya nakamura
22%
Brûle dans le silence Bekar
17%
Marcel. Wallace cleaver
17%
Dur à aimer Dinos
16%
L’impasse Da uzi
12%
Tu ne vois pas Leto
10%
Gaingz Mz
10%
Comme toi Still fresh
7%
Aucun quiz correspondant
Distribution des résultats
% des personnes avec chaque résultat
Percentile par nombre de réponses
Votre historique - résultats
Vous n’avez pas pris ce quiz